Catálogo

Filosofía y entornos virtuales : (Registro nro. 25076)

Detalles MARC
000 -LEADER
fixed length control field 01226cam a2200313 i 4500
001 - CONTROL NUMBER
control field 25076
003 - CONTROL NUMBER IDENTIFIER
control field Mx-PuUPA
005 - DATE AND TIME OF LATEST TRANSACTION
control field 20251001134118.0
008 - FIXED-LENGTH DATA ELEMENTS--GENERAL INFORMATION
fixed length control field 140415s2022 mx gr 001 0 spa d
020 ## - INTERNATIONAL STANDARD BOOK NUMBER
International Standard Book Number 9786079998301
040 ## - CATALOGING SOURCE
Original cataloging agency Mx-PuUPA
Language of cataloging spa
Transcribing agency Mx-PuUPA
Modifying agency Mx-PuUPA
Description conventions rda
041 0# - LANGUAGE CODE
Language code of text/sound track or separate title spa
245 10 - TITLE STATEMENT
Title Filosofía y entornos virtuales :
Remainder of title reflexiones sobre las formas emergentes de interacción /
Statement of responsibility, etc. Mayco Burgos Martínez, Javier Corona Fernández , coordinadores
250 ## - EDITION STATEMENT
Edition statement Primera edición
264 #1 - PRODUCTION, PUBLICATION, DISTRIBUTION, MANUFACTURE, AND COPYRIGHT NOTICE
Place of production, publication, distribution, manufacture Ciudad de México :
Name of producer, publisher, distributor, manufacturer Lambda Editorial,
Date of production, publication, distribution, manufacture, or copyright notice 2022
300 ## - PHYSICAL DESCRIPTION
Extent 188 páginas ;
Dimensions 21 cm
336 ## - CONTENT TYPE
Fuente rdacontent
Content type term texto
Content type code txt
337 ## - MEDIA TYPE
Source rdamedia
Media type term sin medio
Media type code n
338 ## - CARRIER TYPE
Source rdacarrier
Carrier type term volumen
Carrier type code nc
650 #7 - SUBJECT ADDED ENTRY--TOPICAL TERM
Source of heading or term armarc
Topical term or geographic name entry element Filosofía
General subdivision Entornos virtuales compartidos
650 #7 - SUBJECT ADDED ENTRY--TOPICAL TERM
Source of heading or term armarc
Topical term or geographic name entry element Filosofía
General subdivision Realidad virtual
650 #7 - SUBJECT ADDED ENTRY--TOPICAL TERM
Source of heading or term armarc
Topical term or geographic name entry element Fenomenología
General subdivision Entornos virtuales compartidos
700 1# - ADDED ENTRY--PERSONAL NAME
Personal name Burgos Martínez, Mayco,
Relator term coordinador
9 (RLIN) 17476
700 1# - ADDED ENTRY--PERSONAL NAME
Personal name Corona Fernández, Javier,
Relator term coordinador
942 ## - ADDED ENTRY ELEMENTS (KOHA)
Source of classification or shelving scheme Dewey Decimal Classification
Koha item type Libro
Classification part 102.028546
Item part F47
Existencias
Withdrawn status Lost status Source of classification or shelving scheme Damaged status Not for loan Collection code Home library Current library Shelving location Date acquired Source of acquisition Cost, normal purchase price Total Checkouts Full call number Barcode Date last seen Cost, replacement price Price effective from Koha item type
    Dewey Decimal Classification     General Biblioteca Karol Wojtyla Biblioteca Karol Wojtyla Sala general 03/12/2013 Donación 0.00   102.028546 F47 2022 46783 05/01/2026 0.00 03/12/2013 Libro